[Event "VIE-chT (Women)"]
[Site "Ho Chi Minh City"]
[Date "2017.07.29"]
[Round "9.21"]
[White "Tran, Thi Kim Cuong"]
[Black "Tran, Thi Tam Doan"]
[Result "1-0"]
[WhiteElo "1829"]
[BlackElo "1929"]
[PlyCount "85"]
[EventDate "2017.07.24"]
[EventType "team-swiss"]
[EventRounds "9"]
[EventCountry "VIE"]
[SourceTitle "EXT 2019"]
[Source "ChessBase"]
[SourceDate "2018.10.10"]
[SourceVersion "1"]
[SourceVersionDate "2018.10.10"]
[SourceQuality "1"]

1. d4 Nf6 2. Nf3 g6 3. Bf4 Bg7 4. c3 0-0 5. Nbd2 d6 6. e4 Nbd7 7. Bc4 Nh5 8. Bg3 e5 9. dxe5 Nxg3 10. hxg3 Nxe5 11. Nxe5 Bxe5 12. Nf3 Bg7 13. Qd2 Qe7 14. Qf4 Bf5 15. Ng5 h6 16. Nxf7 Rxf7 17. Bxf7+ Kxf7 18. f3 Kg8 19. g4 Bd7 20. 0-0-0 Rf8 21. Qd2 Be5 22. Kb1 Bf4 23. Qd5+ Be6 24. Qxb7 Be3 25. Rd3 Bc5 26. Rxh6 Qf7 27. Rd1 Bxa2+ 28. Ka1 Be3 29. Rh3 Bf4 30. Rdh1 Be5 31. f4 Bg7 32. Rh7 Bc4 33. f5 gxf5 34. gxf5 a6 35. g4 Qd7 36. Qb4 d5 37. e5 Bd3 38. e6 Qe8 39. Rxg7+ Kxg7 40. Qd4+ Rf6 41. g5 Bxf5 42. Qxf6+ Kg8 43. Rh8# 1-0

[Event "Ho Chi Minh City HD Bank op-B 6th"]
[Site "Ho Chi Minh City"]
[Date "2016.03.13"]
[Round "9"]
[White "Tran, Thi Kim Cuong"]
[Black "Thai, Ngoc Tuong Minh"]
[Result "1-0"]
[WhiteElo "1839"]
[BlackElo "1219"]
[PlyCount "91"]
[EventDate "2016.03.08"]
[EventType "swiss"]
[EventRounds "9"]
[EventCountry "VIE"]
[SourceTitle "CBM 171 Extra"]
[Source "ChessBase"]
[SourceDate "2016.04.26"]
[SourceVersion "1"]
[SourceVersionDate "2016.04.26"]
[SourceQuality "1"]

1. d4 f5 2. c4 Nf6 3. Nf3 g6 4. Nc3 Bg7 5. g3 0-0 6. Bg2 d6 7. e3 Qe8 8. 0-0 e5 9. dxe5 dxe5 10. Nd5 Na6 11. Rb1 c6 12. Nxf6+ Bxf6 13. b4 Nc7 14. Qd6 Qd7 15. Rd1 Rd8 16. Qxd7 Rxd7 17. Bb2 Re7 18. Rd8+ Kf7 19. Rbd1 e4 20. Bxf6 Kxf6 21. Rf8+ Kg7 22. Rdd8 exf3 23. Bxf3 Na6 24. a3 Rc7 25. g4 Rb8 26. gxf5 gxf5 27. e4 fxe4 28. Bxe4 Be6 29. Rxb8 Nxb8 30. Rxb8 Bxc4 31. Ra8 a6 32. Rd8 Re7 33. f3 Kh6 34. Kf2 Kg5 35. Kg3 Rg7 36. Rd6 Kh5+ 37. Kf2 Rf7 38. Ke3 Kg5 39. Rd4 Bb5 40. Rd8 Rg7 41. f4+ Kh5 42. Rd6 Bf1 43. Bf3+ Rg4 44. Bxg4+ Kxg4 45. Rd7 b5 46. Rxh7 1-0

[Event "Ho Chi Minh City HD Bank op-B 6th"]
[Site "Ho Chi Minh City"]
[Date "2016.03.12"]
[Round "8"]
[White "Vo, Pham Thien Phuc"]
[Black "Tran, Thi Kim Cuong"]
[Result "1-0"]
[WhiteElo "1636"]
[BlackElo "1839"]
[PlyCount "93"]
[EventDate "2016.03.08"]
[EventType "swiss"]
[EventRounds "9"]
[EventCountry "VIE"]
[SourceTitle "CBM 171 Extra"]
[Source "ChessBase"]
[SourceDate "2016.04.26"]
[SourceVersion "1"]
[SourceVersionDate "2016.04.26"]
[SourceQuality "1"]

1. e4 c6 2. d4 d5 3. Nc3 dxe4 4. Nxe4 Bf5 5. Ng3 Bg6 6. h4 h6 7. h5 Bh7 8. Nf3 Nf6 9. Bd3 Bxd3 10. Qxd3 e6 11. Bd2 Bd6 12. Ne4 Be7 13. 0-0-0 Nbd7 14. Kb1 Qb6 15. Nxf6+ Bxf6 16. c3 0-0-0 17. Be3 Qa5 18. Qe2 Nb6 19. a3 Rd5 20. Nd2 Na4 21. Rc1 Be7 22. c4 Qb6 23. b3 Rd7 24. c5 Nxc5 25. dxc5 Rxd2 26. Qxd2 Qxb3+ 27. Qb2 Qd3+ 28. Qc2 Qxa3 29. Rhd1 Bf6 30. Bd4 Bg5 31. Bb2 Qa6 32. Qd3 Qxd3+ 33. Rxd3 Bxc1 34. Kxc1 Rg8 35. Ra3 Rd8 36. Bxg7 Rd5 37. Rh3 Rxc5+ 38. Kb2 Rb5+ 39. Kc3 Rc5+ 40. Kd3 Rd5+ 41. Ke2 Rg5 42. Bxh6 Rxg2 43. Be3 Rg7 44. h6 Rh7 45. Rg3 Kd7 46. Rg7 Rxh6 47. Bxh6 1-0

[Event "Ho Chi Minh City HD Bank op-B 6th"]
[Site "Ho Chi Minh City"]
[Date "2016.03.11"]
[Round "6"]
[White "Nguyen, Phuoc Tam"]
[Black "Tran, Thi Kim Cuong"]
[Result "1-0"]
[WhiteElo "2047"]
[BlackElo "1839"]
[PlyCount "33"]
[EventDate "2016.03.08"]
[EventType "swiss"]
[EventRounds "9"]
[EventCountry "VIE"]
[SourceTitle "CBM 171 Extra"]
[Source "ChessBase"]
[SourceDate "2016.04.26"]
[SourceVersion "1"]
[SourceVersionDate "2016.04.26"]
[SourceQuality "1"]

1. d4 Nf6 2. Nf3 d5 3. g3 b6 4. Bg2 Bb7 5. 0-0 e6 6. Ne5 Nbd7 7. c4 Bd6 8. Qa4 Bxe5 9. dxe5 Ng4 10. cxd5 Nxh2 11. Kxh2 exd5 12. Bh3 c6 13. Qg4 g6 14. e6 fxe6 15. Bg5 Nf6 16. Qxe6+ Qe7 17. Bxf6 1-0

[Event "Ho Chi Minh City HD Bank op-B 6th"]
[Site "Ho Chi Minh City"]
[Date "2016.03.09"]
[Round "3"]
[White "Pham, Minh Hieu"]
[Black "Tran, Thi Kim Cuong"]
[Result "1-0"]
[WhiteElo "1965"]
[BlackElo "1839"]
[PlyCount "129"]
[EventDate "2016.03.08"]
[EventType "swiss"]
[EventRounds "9"]
[EventCountry "VIE"]
[SourceTitle "CBM 171 Extra"]
[Source "ChessBase"]
[SourceDate "2016.04.26"]
[SourceVersion "1"]
[SourceVersionDate "2016.04.26"]
[SourceQuality "1"]

1. e4 d5 2. exd5 Qxd5 3. Nc3 Qa5 4. d4 c6 5. Nf3 Bg4 6. Be2 e6 7. 0-0 Nf6 8. Ne5 Bf5 9. Bd3 Bxd3 10. Qxd3 Bd6 11. Nc4 Qc7 12. Nxd6+ Qxd6 13. Ne2 Nbd7 14. Bf4 Qb4 15. a3 Qe7 16. c4 Nh5 17. Bd2 Qh4 18. Ng3 0-0 19. Nxh5 Qxh5 20. Rfe1 Nf6 21. Re5 Qg6 22. Qf3 h6 23. Bc3 Nd7 24. Re3 Nb6 25. Qe2 Na4 26. Bb4 Rfd8 27. b3 Nb6 28. Bc3 Nd7 29. d5 e5 30. dxc6 Qxc6 31. Bxe5 Re8 32. Bd4 Rxe3 33. Qxe3 b6 34. Re1 Nf8 35. Qg3 Qg6 36. Qxg6 Nxg6 37. c5 bxc5 38. Bxc5 a6 39. g3 Rd8 40. f4 Rd5 41. Re8+ Kh7 42. b4 a5 43. Rc8 axb4 44. axb4 Rd7 45. Re8 Rd1+ 46. Kf2 Rd2+ 47. Re2 Rd8 48. b5 Nf8 49. Bxf8 Rxf8 50. Rb2 Rb8 51. Ke3 Kg6 52. Kd4 Kf5 53. Kd5 h5 54. Kc6 Rc8+ 55. Kd7 Rh8 56. h4 Kg4 57. Rb3 f6 58. b6 g5 59. fxg5 fxg5 60. hxg5 Kxg5 61. b7 Kg4 62. Kc7 Rh7+ 63. Kb6 Rh6+ 64. Ka7 Rh7 65. Ka8 1-0

[Event "VIE-ch (Women)"]
[Site "Ho Chi Minh City"]
[Date "2015.04.23"]
[Round "8"]
[White "Tran, Thi Kim Cuong"]
[Black "Nguyen, Truong Bao Tran"]
[Result "0-1"]
[WhiteElo "1867"]
[BlackElo "1884"]
[PlyCount "122"]
[EventDate "2015.04.18"]
[EventType "swiss"]
[EventRounds "9"]
[EventCountry "VIE"]
[SourceTitle "CBM 166 Extra"]
[Source "ChessBase"]
[SourceDate "2015.06.18"]
[SourceVersion "1"]
[SourceVersionDate "2015.06.18"]
[SourceQuality "1"]

1. e4 c6 2. d4 d5 3. Nc3 dxe4 4. Nxe4 Bf5 5. Ng3 Bg6 6. Nf3 Nf6 7. h4 h6 8. Ne5 Bh7 9. c3 e6 10. Bd3 Bxd3 11. Qxd3 Nbd7 12. Nc4 Nb6 13. Na5 Qc7 14. Ne4 Be7 15. Qg3 Qxg3 16. Nxf6+ gxf6 17. fxg3 0-0-0 18. Bf4 h5 19. 0-0 Rhg8 20. Rf3 Rg4 21. Be3 Rdg8 22. Bf2 f5 23. a3 Bd6 24. c4 Bxg3 25. Bxg3 Rxg3 26. Rxg3 Rxg3 27. c5 Nd5 28. Kf2 Rg4 29. Rd1 Nf6 30. Nc4 Ne4+ 31. Kg1 Rxh4 32. Ne5 f6 33. Nf3 Rg4 34. Rd3 Kd7 35. Rb3 Kc7 36. Nh2 Rf4 37. Rf3 Rxf3 38. Nxf3 b6 39. b4 a5 40. Kh2 axb4 41. axb4 Nc3 42. Kh3 Nd5 43. Kh4 Nxb4 44. cxb6+ Kxb6 45. Kxh5 Nd5 46. Kg6 Kc7 47. Kf7 Kd6 48. Nd2 Ne3 49. Kxf6 Nxg2 50. Nf3 Ne3 51. Kg5 Kd5 52. Kf4 Nc2 53. Ng5 Nxd4 54. Ke3 c5 55. Nh3 e5 56. Nf2 f4+ 57. Kd3 c4+ 58. Kc3 e4 59. Ng4 Nb5+ 60. Kc2 Kd4 61. Nh6 Na3+ 0-1

[Event "VIE-ch (Women)"]
[Site "Ho Chi Minh City"]
[Date "2015.04.18"]
[Round "1"]
[White "Tran, Thi Kim Cuong"]
[Black "Le, Hoang Tran Chau"]
[Result "1/2-1/2"]
[WhiteElo "1867"]
[BlackElo "2159"]
[PlyCount "59"]
[EventDate "2015.04.18"]
[EventType "swiss"]
[EventRounds "9"]
[EventCountry "VIE"]
[SourceTitle "CBM 166 Extra"]
[Source "ChessBase"]
[SourceDate "2015.06.18"]
[SourceVersion "1"]
[SourceVersionDate "2015.06.18"]
[SourceQuality "1"]

1. d4 Nf6 2. c4 g6 3. Nc3 Bg7 4. e4 d6 5. f3 0-0 6. Be3 Nfd7 7. Qd2 c5 8. d5 a6 9. Bh6 Qa5 10. Bxg7 Kxg7 11. h4 h5 12. f4 Nf6 13. Bd3 Nbd7 14. Nf3 Rb8 15. f5 Ng4 16. fxg6 fxg6 17. 0-0 Rf6 18. Ng5 Nde5 19. Be2 b5 20. cxb5 axb5 21. Rxf6 Nxf6 22. Nf3 b4 23. Nxe5 bxc3 24. Qg5 dxe5 25. Bxh5 cxb2 26. Qxg6+ Kh8 27. Qh6+ Kg8 28. Qg6+ Kh8 29. Qh6+ Kg8 30. Qg6+ 1/2-1/2

[Event "VIE-ch Resolution (Women) 7th"]
[Site "Bac Giang"]
[Date "2014.12.06"]
[Round "2"]
[White "Hoang, Thi Ut"]
[Black "Tran, Thi Kim Cuong"]
[Result "1-0"]
[WhiteElo "2178"]
[BlackElo "1867"]
[PlyCount "59"]
[EventDate "2014.12.05"]
[EventType "swiss"]
[EventRounds "9"]
[EventCountry "VIE"]
[SourceTitle "EXT 2016"]
[Source "ChessBase"]
[SourceDate "2015.10.08"]
[SourceVersion "1"]
[SourceVersionDate "2015.10.08"]
[SourceQuality "1"]

1. d4 Nf6 2. c4 e6 3. Nc3 b6 4. Bg5 Be7 5. e3 Bb7 6. Nf3 0-0 7. Bd3 d5 8. 0-0 Ne4 9. Bf4 c5 10. Rc1 f5 11. dxc5 bxc5 12. cxd5 exd5 13. Ne5 Nxc3 14. Rxc3 c4 15. Be2 Qb6 16. Qb1 Bf6 17. Rcc1 Qe6 18. Nf3 Nc6 19. Rfd1 Rfd8 20. Bg5 Bxg5 21. Nxg5 Qf6 22. Nf3 f4 23. e4 dxe4 24. Bxc4+ Kh8 25. Qxe4 Na5 26. Bd5 Bxd5 27. Rxd5 Rxd5 28. Qxd5 Qd8 29. Qf5 h6 30. Ne5 1-0

[Event "VIE-chT (Women)"]
[Site "Bac Giang"]
[Date "2013.08.21"]
[Round "11"]
[White "Tran, Thi Kim Cuong"]
[Black "Le Thi Thu, Huong"]
[Result "1/2-1/2"]
[WhiteElo "1884"]
[BlackElo "2034"]
[PlyCount "61"]
[EventDate "2013.08.14"]
[EventType "team-swiss"]
[EventRounds "11"]
[EventCountry "VIE"]
[SourceTitle "CBM 156 Extra"]
[Source "ChessBase"]
[SourceDate "2013.10.22"]
[SourceVersion "1"]
[SourceVersionDate "2013.10.22"]
[SourceQuality "1"]

1. c4 Nf6 2. Nf3 e6 3. g3 d5 4. Bg2 c6 5. b3 Bc5 6. d4 Bb4+ 7. Bd2 Bd6 8. Nc3 Nbd7 9. cxd5 exd5 10. 0-0 0-0 11. Qc2 Re8 12. Rfe1 Nf8 13. Nh4 Ne6 14. e3 Ng4 15. f4 Qf6 16. Nf3 h5 17. Qd3 Nc7 18. e4 Qg6 19. Nh4 Qh7 20. Qf3 Be6 21. Qf1 dxe4 22. Bxe4 f5 23. Bg2 Qh6 24. Qd3 Qf6 25. h3 Nh6 26. d5 Bc5+ 27. Be3 Bxe3+ 28. Rxe3 Nxd5 29. Bxd5 Bxd5 30. Rae1 Rxe3 31. Rxe3 1/2-1/2

[Event "VIE-chT (Women)"]
[Site "Bac Giang"]
[Date "2013.08.19"]
[Round "8"]
[White "Hoang, Xuan Thanh Khiet"]
[Black "Tran, Thi Kim Cuong"]
[Result "1/2-1/2"]
[WhiteElo "2112"]
[BlackElo "1884"]
[PlyCount "96"]
[EventDate "2013.08.14"]
[EventType "team-swiss"]
[EventRounds "11"]
[EventCountry "VIE"]
[SourceTitle "CBM 156 Extra"]
[Source "ChessBase"]
[SourceDate "2013.10.22"]
[SourceVersion "1"]
[SourceVersionDate "2013.10.22"]
[SourceQuality "1"]

1. e4 c5 2. Nf3 d6 3. d4 cxd4 4. Nxd4 Nf6 5. Nc3 a6 6. Be2 e6 7. 0-0 Be7 8. Be3 0-0 9. f4 Qc7 10. Qe1 b5 11. a3 Bb7 12. Bf3 Nc6 13. f5 Nxd4 14. Bxd4 e5 15. Be3 Rfd8 16. Rd1 Bc6 17. Qg3 Kh8 18. Rd2 Qb7 19. Bg5 b4 20. Bxf6 Bxf6 21. Nd5 Bxd5 22. Rxd5 bxa3 23. bxa3 Rac8 24. Bd1 Rc5 25. Qb3 Qc7 26. Rf3 Rb8 27. Qd3 Rxd5 28. Qxd5 Qc5+ 29. Kf1 Qxd5 30. exd5 Rb5 31. Rb3 Rxb3 32. cxb3 a5 33. Ke2 Bg5 34. Kd3 g6 35. fxg6 hxg6 36. Kc4 Bc1 37. b4 axb4 38. Kxb4 Kg7 39. a4 Kf6 40. Kb5 e4 41. Kc6 Ke5 42. a5 Be3 43. a6 Bc5 44. h4 f5 45. h5 gxh5 46. Bxh5 f4 47. Bd1 Be3 48. Bg4 Bc5 1/2-1/2

[Event "VIE-ch (Women)"]
[Site "Ho Chi Minh City"]
[Date "2013.04.19"]
[Round "7"]
[White "Ton, Nu Hong An"]
[Black "Tran, Thi Kim Cuong"]
[Result "1-0"]
[WhiteElo "1981"]
[BlackElo "1886"]
[PlyCount "113"]
[EventDate "2013.04.15"]
[EventType "swiss"]
[EventRounds "7"]
[EventCountry "VIE"]
[SourceTitle "CBM 154 Extra"]
[Source "ChessBase"]
[SourceDate "2013.06.25"]
[SourceVersion "2"]
[SourceVersionDate "2013.06.25"]
[SourceQuality "1"]

1. d4 Nf6 2. c4 e6 3. Nc3 d5 4. Bg5 c6 5. cxd5 exd5 6. Qc2 Be7 7. e3 0-0 8. Bd3 g6 9. Nge2 Nh5 10. h4 Bxg5 11. hxg5 Qxg5 12. f4 Qg4 13. 0-0-0 Ng3 14. Nxg3 Qxg3 15. f5 Qxe3+ 16. Kb1 Qg5 17. g4 b6 18. Qh2 h6 19. Qxh6 Qxh6 20. Rxh6 gxf5 21. gxf5 Kg7 22. Rdh1 Nd7 23. Rxc6 Rh8 24. f6+ Kg8 25. Rg1+ Kf8 26. Bf5 Ke8 27. Nxd5 Bb7 28. Rd6 Nxf6 29. Re1+ Kf8 30. Nxf6 Rh1 31. Rxh1 Bxh1 32. Rd7 Kg7 33. Ng4 Bc6 34. Rc7 Bd5 35. Ne3 Bf3 36. Be6 Bh5 37. Nc4 Kf6 38. Bc8 b5 39. Nd6 Bg6+ 40. Kc1 b4 41. Ne8+ Kg5 42. d5 f5 43. Nd6 Kf6 44. Nc4 f4 45. Kd2 Bf5 46. Bxf5 Kxf5 47. Re7 Rd8 48. d6 Kf6 49. Ke2 a6 50. Kf3 Rxd6 51. Nxd6 Kxe7 52. Ne4 a5 53. Kxf4 Ke6 54. Ke3 Kd5 55. b3 a4 56. Kd3 axb3 57. axb3 1-0

[Event "VIE-ch (Women)"]
[Site "Ho Chi Minh City"]
[Date "2013.04.15"]
[Round "1"]
[White "Tran, Thi Kim Cuong"]
[Black "Nguyen, Quynh Anh"]
[Result "0-1"]
[WhiteElo "1886"]
[BlackElo "2175"]
[PlyCount "148"]
[EventDate "2013.04.15"]
[EventType "swiss"]
[EventRounds "7"]
[EventCountry "VIE"]
[SourceTitle "CBM 154 Extra"]
[Source "ChessBase"]
[SourceDate "2013.06.25"]
[SourceVersion "2"]
[SourceVersionDate "2013.06.25"]
[SourceQuality "1"]

1. d4 d5 2. Nf3 Nf6 3. c4 e6 4. Bg5 Be7 5. e3 0-0 6. Nc3 b6 7. Rc1 Bb7 8. Bd3 Nbd7 9. 0-0 c5 10. cxd5 exd5 11. h3 h6 12. Bf4 a6 13. Re1 Re8 14. e4 cxd4 15. Nxd5 Nxd5 16. exd5 Bc5 17. Rxe8+ Qxe8 18. d6 Qe6 19. a3 Qf6 20. Bg3 Rd8 21. Be2 Bxf3 22. Bxf3 Ne5 23. Bxe5 Qxe5 24. d7 Rxd7 25. b4 Bf8 26. Qd3 a5 27. Be4 g6 28. Rc6 Rd6 29. Rc2 Re6 30. Bf3 axb4 31. Re2 Qd6 32. axb4 Rxe2 33. Bxe2 Qxb4 34. g3 Kg7 35. Kg2 Qc5 36. h4 Be7 37. Qc4 Kf6 38. Bd3 Bd6 39. Kf3 Qh5+ 40. Kg2 Bc5 41. Be4 Qe5 42. Bc6 Ke7 43. Ba4 Kf6 44. Bc2 g5 45. Bb3 Qe7 46. hxg5+ hxg5 47. Qd5 Kg7 48. Bc4 Qf6 49. Bd3 Bd6 50. Qe4 Be5 51. Qh7+ Kf8 52. Qe4 Qd6 53. Qf5 b5 54. Qc8+ Kg7 55. Qf5 b4 56. Qxg5+ Kf8 57. Qf5 Qc7 58. Kh3 b3 59. g4 Ke7 60. g5 Qd7 61. Kg4 b2 62. f4 Bg7 63. Qxd7+ Kxd7 64. f5 Kd6 65. f6 Bf8 66. Kf5 Kd5 67. g6 fxg6+ 68. Kxg6 Ke5 69. Kg5 Bb4 70. Bb1 Bd2+ 71. Kg6 Kf4 72. f7 Bb4 73. Kf6 Ke3 74. Ke5 d3 0-1

[Event "VIE-ch (Women)"]
[Site "Ho Chi Minh City"]
[Date "2012.12.03"]
[Round "7"]
[White "Hoang, Thi Bao Tram"]
[Black "Tran, Thi Kim Cuong"]
[Result "1-0"]
[WhiteElo "2317"]
[BlackElo "1855"]
[PlyCount "107"]
[EventDate "2012.11.29"]
[EventType "swiss"]
[EventRounds "9"]
[EventCountry "VIE"]
[SourceTitle "CBM 151 Extra"]
[Source "ChessBase"]
[SourceDate "2012.12.18"]
[SourceVersion "1"]
[SourceVersionDate "2012.12.18"]
[SourceQuality "1"]

1. d4 Nf6 2. Nf3 g6 3. c4 Bg7 4. Nc3 d6 5. e4 0-0 6. h3 c5 7. Be3 cxd4 8. Nxd4 Nc6 9. Be2 Nxd4 10. Bxd4 Qa5 11. 0-0 Be6 12. f4 Ne8 13. f5 Bd7 14. Nd5 Qd8 15. Bxg7 Kxg7 16. Qd4+ f6 17. Rad1 g5 18. b4 Bc6 19. Ne3 Qb6 20. c5 dxc5 21. bxc5 Qa5 22. Nc4 Qc7 23. Rfe1 Qf4 24. Bf3 Nc7 25. Na5 Rfd8 26. Qxd8 Rxd8 27. Rxd8 Qe5 28. Nxc6 bxc6 29. a4 Qxc5+ 30. Kh1 Na6 31. Red1 Qe5 32. R8d7 Nc5 33. Rxa7 Nxe4 34. Bxe4 Qxe4 35. a5 Kf7 36. a6 g4 37. hxg4 Qxg4 38. Rad7 Qh4+ 39. Kg1 Qg3 40. a7 Qe3+ 41. Kf1 Qf4+ 42. Ke2 Qe4+ 43. Kd2 Qf4+ 44. Kc3 Qe5+ 45. R1d4 Qc5+ 46. Kd2 Qa5+ 47. Kd1 Qa1+ 48. Ke2 Qb2+ 49. Kf3 Qa3+ 50. Rd3 Qa5 51. g4 h5 52. Re3 hxg4+ 53. Kxg4 Qa4+ 54. Kh5 1-0

[Event "VIE-ch (Women)"]
[Site "Ho Chi Minh City"]
[Date "2012.11.30"]
[Round "2"]
[White "Tran, Thi Kim Cuong"]
[Black "Le, Thi Ha"]
[Result "1-0"]
[WhiteElo "1855"]
[BlackElo "1944"]
[PlyCount "63"]
[EventDate "2012.11.29"]
[EventType "swiss"]
[EventRounds "9"]
[EventCountry "VIE"]
[SourceTitle "CBM 151 Extra"]
[Source "ChessBase"]
[SourceDate "2012.12.18"]
[SourceVersion "1"]
[SourceVersionDate "2012.12.18"]
[SourceQuality "1"]

1. d4 Nf6 2. c4 e6 3. Nf3 b6 4. Nc3 Bb4 5. Bg5 h6 6. Bh4 Bxc3+ 7. bxc3 Bb7 8. e3 d6 9. Bd3 Nbd7 10. 0-0 e5 11. Bf5 e4 12. Nd2 g5 13. Bg3 0-0 14. h4 Re8 15. Re1 Nf8 16. hxg5 hxg5 17. f4 gxf4 18. Bxf4 Bc8 19. Bg5 Bxf5 20. Rf1 Bg6 21. Bxf6 Qd7 22. d5 Nh7 23. Bh4 Re5 24. Rf4 Rae8 25. Qe1 c6 26. dxc6 Qxc6 27. Qg3 d5 28. Raf1 Rh5 29. Rxf7 Rf8 30. R1f6 Qxf6 31. Rxf6 Rxf6 32. Bxf6 1-0

[Event "VIE-ch (Women)"]
[Site "Ho Chi Minh City"]
[Date "2012.11.29"]
[Round "1"]
[White "Bui, Kim Le"]
[Black "Tran, Thi Kim Cuong"]
[Result "1-0"]
[WhiteElo "2098"]
[BlackElo "1855"]
[PlyCount "53"]
[EventDate "2012.11.29"]
[EventType "swiss"]
[EventRounds "9"]
[EventCountry "VIE"]
[SourceTitle "CBM 151 Extra"]
[Source "ChessBase"]
[SourceDate "2012.12.18"]
[SourceVersion "1"]
[SourceVersionDate "2012.12.18"]
[SourceQuality "1"]

1. e4 c5 2. Nf3 g6 3. c4 Bg7 4. d4 cxd4 5. Nxd4 Qb6 6. Nb3 d6 7. Be3 Qc6 8. Qc2 Nf6 9. Bd3 Ng4 10. Bd4 Ne5 11. 0-0 0-0 12. Nc3 Be6 13. Nd5 Bxd5 14. exd5 Qd7 15. f4 Nxd3 16. Qxd3 Na6 17. Bxg7 Kxg7 18. f5 Rac8 19. Nd4 Nc5 20. Qe3 Qd8 21. Rae1 Re8 22. fxg6 hxg6 23. Nf5+ gxf5 24. Qg5+ Kf8 25. Qh6+ Kg8 26. Rxf5 e6 27. Rh5 1-0

[Event "VIE-chT (Women)"]
[Site "Hanoi"]
[Date "2012.09.25"]
[Round "7"]
[White "Tran, Thi Kim Cuong"]
[Black "Nguyen Thi Thao, Linh"]
[Result "0-1"]
[WhiteElo "1867"]
[BlackElo "1875"]
[PlyCount "120"]
[EventDate "2012.09.21"]
[EventType "team-tourn"]
[EventRounds "9"]
[EventCountry "VIE"]
[SourceTitle "CBM 150 Extra"]
[Source "ChessBase"]
[SourceDate "2012.10.19"]
[SourceVersion "1"]
[SourceVersionDate "2012.10.19"]
[SourceQuality "1"]

1. d4 d5 2. Nf3 e6 3. e3 Nf6 4. Bd3 Bd6 5. 0-0 0-0 6. b3 Nbd7 7. Bb2 b6 8. c4 Bb7 9. Ne5 c5 10. Nd2 Rc8 11. f4 Ne4 12. Bxe4 dxe4 13. Nxd7 Qxd7 14. Qg4 f5 15. Qh3 Rf6 16. Qh5 Rh6 17. Qe2 Qe7 18. g3 g5 19. Rad1 gxf4 20. exf4 cxd4 21. Bxd4 Bc5 22. Qe3 Bxd4 23. Qxd4 Rd8 24. Qf2 Rd3 25. Nb1 Rxg3+ 26. hxg3 Rh1+ 27. Kxh1 e3+ 28. Kh2 exf2 29. Rxf2 Qc5 30. Rfd2 Qc6 31. Nc3 Qf3 32. Rd8+ Kf7 33. R8d7+ Kf6 34. Rxb7 Qxb7 35. Rd3 Qc7 36. Nb5 Qc5 37. Kg2 a6 38. Nc3 b5 39. cxb5 axb5 40. Kf3 b4 41. Ne2 Qc6+ 42. Kf2 Qb6+ 43. Rd4 e5 44. fxe5+ Kxe5 45. Ke3 h5 46. Kd3 Qb5+ 47. Ke3 Qxe2+ 48. Kxe2 Kxd4 49. Kf3 Kc3 50. Kf4 Kb2 51. Kxf5 Kxa2 52. Kg5 Kxb3 53. Kxh5 Kc4 54. g4 b3 55. g5 b2 56. g6 b1Q 57. Kh6 Qh1+ 58. Kg7 Kd5 59. Kf7 Qf3+ 60. Ke7 Ke5 0-1

[Event "VIE-chT (Women)"]
[Site "Hanoi"]
[Date "2012.09.24"]
[Round "5"]
[White "Le, Thi Ha"]
[Black "Tran, Thi Kim Cuong"]
[Result "1/2-1/2"]
[WhiteElo "1945"]
[BlackElo "1867"]
[PlyCount "116"]
[EventDate "2012.09.21"]
[EventType "team-tourn"]
[EventRounds "9"]
[EventCountry "VIE"]
[SourceTitle "CBM 150 Extra"]
[Source "ChessBase"]
[SourceDate "2012.10.19"]
[SourceVersion "1"]
[SourceVersionDate "2012.10.19"]
[SourceQuality "1"]

1. d4 d5 2. c4 c6 3. Nf3 dxc4 4. a4 Nf6 5. e3 e6 6. Bxc4 Bb4+ 7. Bd2 Qa5 8. 0-0 Nbd7 9. Qb3 Bxd2 10. Nbxd2 0-0 11. Qa3 e5 12. b4 Qc7 13. Rac1 exd4 14. exd4 Nb6 15. b5 cxb5 16. Bxb5 Qf4 17. Rfe1 Nbd5 18. Qb2 Be6 19. Bd3 b6 20. Ne5 Ng4 21. Nxg4 Qxg4 22. f3 Qh4 23. Re4 Nf4 24. Bf1 Qg5 25. g3 Nh5 26. Re5 Qh6 27. Rc6 Nf6 28. Ne4 Qe3+ 29. Qf2 Qxf2+ 30. Kxf2 Nd7 31. Rb5 Nf6 32. Nxf6+ gxf6 33. Rh5 Rfd8 34. Ke3 Kg7 35. Bd3 h6 36. Be4 Rac8 37. Rxc8 Rxc8 38. a5 Rc3+ 39. Kd2 Rb3 40. axb6 axb6 41. Kc2 Rb4 42. d5 Bd7 43. Kc3 Rb5 44. g4 Ra5 45. Rh3 Ra2 46. Bc2 Ra5 47. Bb3 f5 48. Rg3 Kf6 49. h4 fxg4 50. fxg4 Ba4 51. g5+ hxg5 52. Rxg5 Bxb3 53. Kxb3 Rc5 54. Kb4 Rc1 55. Kb5 Rh1 56. Rg4 Ke5 57. Rg5+ f5 58. Kxb6 Kxd5 1/2-1/2

[Event "VIE-ch KO (Women)"]
[Site "Can Tho"]
[Date "2012.03.26"]
[Round "1.2"]
[White "Bui, Kim Le"]
[Black "Tran, Thi Kim Cuong"]
[Result "1-0"]
[WhiteElo "2110"]
[BlackElo "1877"]
[PlyCount "31"]
[EventDate "2012.03.26"]
[EventType "k.o."]
[EventRounds "3"]
[EventCountry "VIE"]
[SourceTitle "EXT 2013"]
[Source "ChessBase"]
[SourceDate "2012.11.22"]
[SourceVersion "1"]
[SourceVersionDate "2012.11.22"]
[SourceQuality "1"]

1. e4 c5 2. Nf3 g6 3. d4 Bg7 4. dxc5 Qa5+ 5. Bd2 Qxc5 6. Bc3 Bxc3+ 7. Nxc3 Nf6 8. Bd3 d6 9. 0-0 0-0 10. h3 a6 11. Re1 Nc6 12. Qd2 b5 13. Qh6 Nd4 14. Ng5 Ne6 15. Nd5 Nxg5 16. Nxe7+ 1-0

[Event "VIE-ch (Women)"]
[Site "Can Tho"]
[Date "2012.03.21"]
[Round "5"]
[White "Tran, Thi Kim Cuong"]
[Black "Nguyen Thi Thuy, Trien"]
[Result "1/2-1/2"]
[WhiteElo "1877"]
[BlackElo "1936"]
[PlyCount "126"]
[EventDate "2012.03.19"]
[EventType "swiss"]
[EventRounds "9"]
[EventCountry "VIE"]
[SourceTitle "EXT 2013"]
[Source "ChessBase"]
[SourceDate "2012.11.22"]
[SourceVersion "1"]
[SourceVersionDate "2012.11.22"]
[SourceQuality "1"]

1. e4 c6 2. d4 d5 3. Bd3 dxe4 4. Bxe4 Nf6 5. Bf3 Bf5 6. Ne2 e6 7. 0-0 Bd6 8. c4 0-0 9. Nbc3 Ng4 10. g3 Nd7 11. h3 Ngf6 12. Bg2 Qc7 13. c5 Be7 14. Bf4 Qc8 15. b4 Nd5 16. Bxd5 exd5 17. g4 Bg6 18. Ng3 Nf6 19. Re1 Re8 20. a4 Qd7 21. Kh2 Rad8 22. f3 h5 23. Ra2 hxg4 24. hxg4 Nh7 25. Nf1 f5 26. Ne3 fxg4 27. Nxg4 Qf5 28. Be5 Bg5 29. Rf1 Bf4+ 30. Kg1 Ng5 31. Kg2 Bxe5 32. Nxe5 Bh5 33. Ng4 Nxf3 34. Qxf3 Qxg4+ 35. Qxg4 Bxg4 36. Rf4 Bh5 37. Kf2 Rf8 38. Kg3 Rde8 39. Rxf8+ Rxf8 40. Rf2 Re8 41. Kf4 g6 42. b5 Rf8+ 43. Kg3 Rxf2 44. Kxf2 Kf7 45. a5 cxb5 46. Nxb5 Ke7 47. Nxa7 Kd7 48. Nb5 g5 49. Nd6 Kc7 50. Kg3 Kc6 51. Nf5 Kb5 52. Ng7 Bf7 53. Kg4 Kxa5 54. Kxg5 Kb5 55. Kf6 Bg8 56. Nf5 Bh7 57. Nd6+ Kc6 58. Ke5 b6 59. cxb6 Kxb6 60. Kxd5 Bb1 61. Ke5 Kc6 62. Nf5 Kd7 63. Nh6 Ba2 1/2-1/2